| 000 | 00386nam a22001457a 4500 | ||
|---|---|---|---|
| 003 | OSt | ||
| 005 | 20160727222347.0 | ||
| 008 | 160621b xxu||||| |||| 00| 0 eng d | ||
| 040 | _cTEST | ||
| 100 |
_9287 _aElmore, T, |
||
| 245 | _aNurturing the Leader Within Your Child | ||
| 260 |
_aNashville _bThomas Nelson _c2002 |
||
| 300 | _aNurturing the Leader Within Your Child | ||
| 942 |
_2ddc _cBK |
||
| 999 |
_c234 _d234 |
||